000 00447nam a2200133Ia 4500
003 GCL
008 140319s9999 xx 000 0 ara d
040 _aGCL /
_cGCL
082 0 4 _a923.1
_bس ا
100 1 _aسعود المولى
245 1 0 _aالامير شكيب ارسلان : بنو معروف, اهل العروبة والاسلام /
_cسعود المولى
300 _a196 ص
490 _aالهيئة العامة للاستعلامات
_v0
999 _c49331
_d49331